LEADER 00451nab a2200145 i 4500 001 000000311710 003 CaOOAMICUS 005 20180831173038.0 008 180831n xx uu u0 0und r 013 $a20800 040 $aSeMil$bita 100 1 $aGaffuri, Cesare.$0(OLS)http://semarc/name/61502 245 10$aAlberto Augusto de Lapparent. 773 0 $t[Gennaio-Giugno].$g579-580$w()274182 996 $6245$aAlberto Augusto de Lapparent$9(OLS)http://semarc/title/386266 LEADER 00831nam a2200169 i 4500 001 000000124090 003 CaOOAMICUS 005 20040311000000.0 008 040311s1978 it u000 u lat u 013 $a96787 040 $aSeMil$bita 245 10$aLiber Hiezechielis :$bex interpretatione Sancti Hieronymi cum prologo eiusdem et variis capitulorum seriebus. 300 $aLXXXII, 297 p. 773 0 $aGerolamini $tBiblia Sacra iuxta Latinam vulgatam versionem ad codicum Fidem, iussu Pauli PP. 6.$dRomae : Typis Polyglottis Vaticanis, 1964.$g15$w()11176 850 $aSeMil 852 $aSeMil$W1$xVenegono$y1$m2VA VII 113$j268834$B78708$CSeMilBibl$Z2$F80870 $81 996 $6245$aLiber Hiezechielis :$bex interpretatione Sancti Hieronymi cum prologo eiusdem et variis capitulorum seriebus$9(OLS)http://semarc/title/182551